Indian health scenario (Record no. 139376)

MARC details
000 -LEADER
fixed length control field 00599nam a2200241Ia 4500
008 - FIXED-LENGTH DATA ELEMENTS--GENERAL INFORMATION
fixed length control field 210210b2008 xxu||||| |||| 00| 0 eng d
020 ## - INTERNATIONAL STANDARD BOOK NUMBER
International Standard Book Number 9788183871563
041 ## - LANGUAGE CODE
Language code of text/sound track or separate title eng
082 ## - DEWEY DECIMAL CLASSIFICATION NUMBER
Classification number 613 KRII
100 ## - MAIN ENTRY--PERSONAL NAME
Personal name KRISHNAMURTHY (G R)
245 ## - TITLE STATEMENT
Title Indian health scenario
Remainder of title Perspectives and dimensions
260 ## - PUBLICATION, DISTRIBUTION, ETC.
Place of publication, distribution, etc. New Delhi
Name of publisher, distributor, etc. Serials Publications
Date of publication, distribution, etc. 2008
300 ## - PHYSICAL DESCRIPTION
Extent xii,350
650 ## - SUBJECT ADDED ENTRY--TOPICAL TERM
Topical term or geographic name entry element scenario
650 ## - SUBJECT ADDED ENTRY--TOPICAL TERM
Topical term or geographic name entry element Perspectives
650 ## - SUBJECT ADDED ENTRY--TOPICAL TERM
Topical term or geographic name entry element Indian:
650 ## - SUBJECT ADDED ENTRY--TOPICAL TERM
Topical term or geographic name entry element health
650 ## - SUBJECT ADDED ENTRY--TOPICAL TERM
Topical term or geographic name entry element dimensions
650 ## - SUBJECT ADDED ENTRY--TOPICAL TERM
Topical term or geographic name entry element and
690 ## - LOCAL SUBJECT ADDED ENTRY--TOPICAL TERM (OCLC, RLIN)
Topical term or geographic name as entry element Health
700 ## - ADDED ENTRY--PERSONAL NAME
Personal name SINGH (Awadhesh Kumar)
906 ## - LOCAL DATA ELEMENT F, LDF (RLIN)
a 063951
Holdings
Withdrawn status Lost status Damaged status Not for loan Collection code Home library Current library Shelving location Date acquired Source of acquisition Cost, normal purchase price Total Checkouts Full call number Barcode Date last seen Price effective from Koha item type
          St Aloysius Library St Aloysius Library   02/17/2021 Alka Prakashan Kanpur-208007 995.00   613 KRII 063951 02/17/2021 02/17/2021 Book